Julien Lieb - BPM [paroles] - Statistiques

Statistiques générales
  • Ce quiz a été pris 5 fois
  • Le résultat moyen est 30 sur 101
Statistiques - réponses
Réponse % Correct
a
67%
à
67%
au
67%
BPM
67%
de
67%
des
67%
en
67%
fais
67%
j’ai
67%
je
67%
la
67%
le
67%
les
67%
ma
67%
moi
67%
plus
67%
se
67%
accroché
33%
ailes
33%
autre
33%
avec
33%
bout
33%
ça
33%
comment
33%
dans
33%
dimension
33%
donné
33%
d’questions
33%
effervescence
33%
et
33%
existence
33%
foule
33%
j’aimerais
33%
j’arrive
33%
j’deviens
33%
j’profite
33%
j’vois
33%
l’émotion
33%
lèvres
33%
loin
33%
maintenant
33%
m’as
33%
mélo’
33%
mélodie
33%
mes
33%
mon
33%
on
33%
parfum
33%
pleine
33%
poèmes
33%
près
33%
problèmes
33%
quand
33%
que
33%
qui
33%
quoi ?
33%
références
33%
répètent
33%
rêves
33%
sais
33%
sans
33%
s’en
33%
sont
33%
sourire
33%
su
33%
tes
33%
tête
33%
toi
33%
t’rappelles
33%
tu
33%
va
33%
veines
33%
y
33%
aller
0%
ces
0%
c’est
0%
courbes
0%
douceur
0%
j’veux
0%
laisse-toi
0%
m’emballer
0%
même
0%
m’envoûter
0%
momentané
0%
nuit
0%
ondes
0%
ont
0%
parte
0%
peut
0%
qu’on
0%
réfléchir
0%
reines
0%
s’aime
0%
si
0%
ta
0%
t’as
0%
t’attends
0%
t’entrainent
0%
toute
0%
une
0%
voix
0%
Aucun quiz correspondant
Distribution des résultats
% des personnes avec chaque résultat
Percentile par nombre de réponses
Votre historique - résultats
Vous n’avez pas pris ce quiz